Kötelező hazugság

Bibliographic Details
Main Author: Czajlik, Katalin, 1977- (Author)
Format: Article
Language:Hungarian
ISSN:1335-7050
Subjects:

MARC

LEADER 00000nab a2200000 ar4500
001 vtls009303617
003 SK-MaSNL
005 20260319070708.0
008 080613c20080528xo |||||||| 000 b|hun
015 |a SNBRB2008/06  |2 snkbucl 
038 |a SNKBUCL 
040 |a DSZK  |b slo  |c DSZK  |e AACR2 
041 0 |a hun 
044 |a xo  |c SK 
080 |a 323  |x (439)  |2 1997 
100 1 |a Czajlik, Katalin,  |d 1977-  |4 aut  |9 1032035 
245 1 0 |a Kötelező hazugság  |c Czajlik Katalin 
650 0 7 |a politika  |z Maďarsko  |2 snkbucl  |9 334035 
651 7 |a Maďarsko  |x politika  |2 snkbucl  |9 842486 
655 7 |a komentáre  |2 snkbucl  |9 70412 
773 0 |t Új szó  |g Évf. 61, sz. 123 (28.5.2008), o. 7  |x 1335-7050 
852 |a SNK  |b KIS3GCP 
852 |a DSZK  |b KIS3GCP 
958 |a HU 
999 |c 1713596  |d 1715526